Thái Lan : Venise Phương Đông

Na minha lista:
Detalhes bibliográficos
Formato: Livro
Idioma:Undetermined
Publicado em: Hà Nội Văn Hóa- Thông Tin 2004
Assuntos:
Tags: Adicionar Tag
Sem tags, seja o primeiro a adicionar uma tag!
Thư viện lưu trữ: Trung tâm Học liệu Trường Đại học Cần Thơ
LEADER 00564nam a2200205Ia 4500
001 CTU_93626
008 210402s9999 xx 000 0 und d
020 |c 27500 
082 |a 959.3 
082 |b Th103 
245 0 |a Thái Lan : 
245 0 |b Venise Phương Đông 
245 0 |c Bùi Tiến Sinh, Nguyễn Văn Điều biên dịch 
260 |a Hà Nội 
260 |b Văn Hóa- Thông Tin 
260 |c 2004 
650 |a Thailand 
650 |x History 
904 |i Mai Loan 
980 |a Trung tâm Học liệu Trường Đại học Cần Thơ